LEADER 01062nam a2200253 i 4500 001 000000139707 003 CaOOAMICUS 005 20080721000000.0 008 080721s1966 it u000 u ita u 013 $a113840 040 $aSeMil$bita 100 1 $aPecchiai, Luciano.$0(OLS)http://semarc/name/56351 245 13$aLa bibbia, l'uomo, l'universo :$bstoria del mondo tratta dalla bibbia /$cLuciano Pecchiai. 250 $a3. ed. 260 $aMilano :$bS.a.g.a.,$c1966. 300 $a406 p. ;$c21 cm. 500 $aContiene : Appendice. In occhietto: Dedica autogr. dell'A. al Card. Colombo. - Fondo Card. Giovanni Colombo. 650 4$aBibbia - Interpretazione.$0(OLS)http://semarc/subject/1295 850 $aSeMil 852 $aSeMil$W1$xVenegono$y1$m2Z II 151$j93097$B93097$CSeMilBibl$Z2$F135450 $81 941 1 $a3 961 $aLascito: Colombo Card. Giovanni 996 $6245$aLa bibbia, l'uomo, l'universo :$bstoria del mondo tratta dalla bibbia$9(OLS)http://semarc/title/204033 996 $6260$aMilano :$bS.a.g.a.$9(OLS)http://semarc/publisher/47249 LEADER 00969nam a2200241 4500 001 000000345397 003 CaOOAMICUS 005 20210415123803.0 008 210415s2018 it a 000 u ita r 020 $a978-88-88534-35-0 040 $aSeMil$bita 100 1 $aGhezzi, Mario,$c.$0(OLS)http://semarc/name/113565 245 13$aIl Vangelo in risaia :$blettere dalla Cambogia /$cMario Ghezzi. 250 $a2. ed 264 1$aMilano :$bPIMEdit,$c2018. 300 $a96 p. :$bill. ;$c21 cm 650 4$aMissioni - Diari e memorie.$0(OLS)http://semarc/subject/13823 850 $aSeMil 852 $aSeMil$W1$xVenegono$y1$m3E II 398$j225465$B236475$CSeMilBibl$Z2$F236475 $81 996 $6020$a978-88-88534-35-0$9(OLS)http://semarc/number/292912 996 $6245$aIl Vangelo in risaia :$blettere dalla Cambogia$9(OLS)http://semarc/title/434537 996 $6264$aMilano :$bPIMEdit$9(OLS)http://semarc/publisher/32848